| 000 | 00845nam a2200313Ia 4500 | ||
|---|---|---|---|
| 001 | 7972 | ||
| 005 | 20240113234044.0 | ||
| 007 | ta | ||
| 008 | 050714s1979 a g b000 u eng u | ||
| 020 | _cHB | ||
| 040 | _aCotton College,Assam | ||
| 041 | _aeng | ||
| 082 |
_a420 _bSm 62 M |
||
| 100 | _aSmith , Neil . | ||
| 245 | 0 |
_aModern Linguistics:The Results of Chomsky`s Revolution / _cNeil Smith & Deirdre Wilson. _hTextual Documents |
|
| 250 | _a1st ed. / | ||
| 260 |
_aNew York : _bPenguin Books Ltd , _c1979. |
||
| 300 |
_a334p. : _bill ; _c20cm . |
||
| 504 | _aIndex | ||
| 653 | _aLinguistics | ||
| 653 | _aEnglish language-Chomsky`s Revolution | ||
| 653 | _aPG-English | ||
| 653 | _aG-Languages | ||
| 700 | _aWilson, Deirdre . | ||
| 942 |
_2ddc _cBK |
||
| 999 |
_c7959 _d7959 |
||